Las relaciones públicas en la empresa cooperativa
El texto desea demostrar que las empresas cooperativas deben utilizar todos los elementos disponibles para optimizar sus servicios, adaptando y asimilando nuevas técnicas y procedimientos en la medida que éstos no afecten o tergiversen la ética cooperativa. Una de éstas técnicas es la de relaciones...
Guardat en:
| Autor principal: | |
|---|---|
| Format: | Desconegut |
| Idioma: | Spanish |
| Publicat: |
Costa Rica :
COOPEUN,
|
| Col·lecció: | Serie Populibros Cooperativos
|
| Matèries: | |
| Etiquetes: |
Afegir etiqueta
Sense etiquetes, Sigues el primer a etiquetar aquest registre!
|
MARC
| LEADER | 00000 a2200000 04500 | ||
|---|---|---|---|
| 001 | 40230 | ||
| 003 | cru CIDCACS/IIS | ||
| 005 | 20190212062541.0 | ||
| 008 | 050605s1983 cr spa d | ||
| 020 | |a 9977950016 | ||
| 040 | |c spa | ||
| 090 | |a 0004 C265r | ||
| 100 | |a Carcabelos, Juan Francisco | ||
| 245 | |a Las relaciones públicas en la empresa cooperativa | ||
| 260 | |a Costa Rica : |b COOPEUN, | ||
| 300 | |a 149 páginas | ||
| 440 | |a Serie Populibros Cooperativos | ||
| 520 | |a El texto desea demostrar que las empresas cooperativas deben utilizar todos los elementos disponibles para optimizar sus servicios, adaptando y asimilando nuevas técnicas y procedimientos en la medida que éstos no afecten o tergiversen la ética cooperativa. Una de éstas técnicas es la de relaciones públicas cuyo objetivo primordial es el desarrollo efectivo y práctico de sis temas de comunicación (horizontales y verticales) que sirvan a las necesidades de la entidad. Se toma como primera regla que la función de las relaciones públicas en el cooperativismo se basa en brindar la mejor y más amplia imagen de la empresa, no sólo al público consumidor sino a todas las personas vinculadas a la cooperativa; es decir, a los asociados, los usuarios de los servicios y todas aquellas personas y organismos vinculadas a la entidad. RAR/18-10-16 | ||
| 650 | 1 | 0 | |9 193 |a COOPERATIVAS |
| 650 | 1 | 0 | |9 194 |a ETICA |
| 650 | 1 | 0 | |a RELACIONES PUBLICAS |9 195 |
| 650 | 1 | 0 | |9 196 |a COMUNICACIÓN |
| 942 | |2 ddc |c LI | ||
| 999 | |c 11349 |d 11349 | ||



